000 00206nam a2200085Ia 4500
008 170620s9999 xx 000 0 und d
100 _aLAXMIKANTH-M
245 0 _aPUBLIC ADMIISTRATION
260 _b"NEW DELHI
260 _cTAT MC GRAW HILL"
999 _c29689
_d29689